| 000 | 02945nam a22001457a 4500 | ||
|---|---|---|---|
| 008 | 190522b xxu||||| |||| 00| 0 eng d | ||
| 020 | _a9788409059973 | ||
| 082 |
_a707 _bAY978d |
||
| 100 |
_acolectivo allyu _97048 |
||
| 245 | _aDevuélvannos el oro. Cosmovisiones perversas y acciones anticoloniales. | ||
| 260 |
_aMadrid, España _bCentro de residencias artísticas, Matadero Madrid _c2018 |
||
| 300 |
_a200 p. _bill (col). _c21 x 15 cm |
||
| 505 |
_tDevuélvannos el oro: una introducción _acolectivo ayllu _tSerían unxs criadxs magníficxs _gsergio zevallos _tLa fantasía de asaltar el museo _riki yos piña narváez boadas funes del valle _tLas negras siempre estamos desnudas! _ryuderkys espinosa miñoso _tLa más bella revolución _rvicky boisan _tToma todos tus bulos _rgabriela wiener _tNIE (No Identidad Existente) _rsofía perdomo sanz _tHacer el indio. Pequeñas reflexiones sobre nuestra indixdescendencia _rfrancisco godoy vega _tBlanco _rdaniela ortiz _tPerder la fascinación. Remedio destemporazidor para el dolor migra _rlucrecia masson _tWiracocha en Madrid _rleo zelada _tIlegal _rgiovanni collazos carrasco _tMadrid negro _ryeison fernando garcía lópez _tAntirracismo, distancia radical y reinscripciones tecnoafectivas _ranyely marín cisneros _tA proposito del taller: ¿Cómo cartografiarse el propio rostro? Entre máscaras y fragmentos de vida y la identificación por perfil racial _rnahuala _tAfiches con Palta _rnayare montes _tContra la racionalización o blanqueamiento del amor. La venganza de Marimar. _rmaría lucrecia masson córdoba de los toldos y yos piña narváez funes boada del valle _t¿20 años de la despenalización de la homosexualidad en el Ecuador o una larga resistencia a la invención del "vicio bestial de sodomía"? _rleticia/kimy roas miranda _tA 20 años de la despenalización de la homosexualidad en el Ecuador: "Pasamos de ser delincuentes a sujetos con derechos" _ralex aguirre sánchez _tOjitos del Sur _rgabriela contreras _tValientes _rjulia warmi _tEjercicios para escupir la rabia y sacudir la memoria _rcarborca linch _tla economía colonial inconsciente en las cuestiones relativas a la homosexualidad _rfrancisco godoy vega _tPolirabia _rvicky & yos radical queens _tAy! La Pinche Malinche _rfabiana castro hernández _tSobre la producción de la fealdad en el régimen de la blanquitud. Pensamientos incipientes. _rlucrecia masson _tMi Identidad trans, mi espacio vital _ralex aguirre sánchez _tmi voz mi ruido _rangelo mosutan-zsurkis _tvestida de piel _rlía la novia sirena _t¡Rumbo a una distribución de la violencia desobediente de génerp y anti-colonial! _rjota mombaca _tLos visibles _rnayare montes _tDe las profundidades surgí con un precioso vestido _rmanuela villa acosta |
||
| 650 |
_2Arte contemporáneo _vArte - historia _xArte - anticolonialismo _xArte - genero _xArte - antirracismo _xArte - homosexualidad _xArte - violencia _xArte - residencia artística _zMatadero, Madrid - 2017 _97049 |
||
| 999 |
_c1790 _d1790 |
||